A música e a sociedade (Record no. 45465)

MARC details
000 -Etiqueta do registo
Valores 00585cam a22001931 4500
100 ## - Dados gerais de processamento
Dados gerais 19940105d1945 m y0pory5003 ba
101 1# - Língua de publicação
Língua por
102 ## - País de publicação
País PT
200 1# - Titulo e menção de responsabilidade
Título próprio A música e a sociedade
Primeira menção de responsabilidade Elie Siegmeister
Outras menções de responsabilidade trad. Fernando Lopes Graça
210 #9 - Publicação
Local de publicação Lisboa
Nome do editor Edições Cosmos,
Data de publicação 1945
215 ## - Descrição física 
Paginação / Volumes 98 p.
Outras indicações físicas il.
Dimensões 19 cm
225 2# - Colecção 
Título próprio da colecção Biblioteca Cosmos
Número de parte ou secção 2.ª Seccão
Indicação de volume 96.
Nome de parte ou secção Artes e letras. Música
Indicação de volume 22
675 ## - CDU
Notação 78
700 #1 - Autor principal
Apelido Siegmeister,
Nome Elie,
Datas 1909-1991
702 #1 - Autor secundário
Apelido Gra—ca,
Nome Fernando Lopes,
Datas 1906-1994
Função 730
801 #0 - Fonte de origem
País PT
Agência BN
Regras de catalogação RPC
990 ## - Elementos KOHA
Tipo de documento Livro
Holdings
Aquisição Empréstimo Código de barras Cota Permissão de empréstimo Tipo de documento Nota relativa ao exemplar
Biblioteca Municipal de Redondo Biblioteca Municipal de Redondo 056181 78 SIE Consulta presencial Livro oferta de Vergílio Ambrósio

Powered by Koha